World product and income : (Record no. 15300)

000 -LEADER
fixed length control field 00821cam a2200253 a 4500
020 ## - INTERNATIONAL STANDARD BOOK NUMBER
ISBN 0801823595
020 ## - INTERNATIONAL STANDARD BOOK NUMBER
ISBN 0801823609 (pbk.)
040 ## - CATALOGING SOURCE
Transcribing agency DLC
082 00 - DEWEY DECIMAL CLASSIFICATION NUMBER
Classification number 339 PUB 1982 A076 Or.
100 1# - MAIN ENTRY--AUTHOR NAME
Personal name Kravis, Irving B.
245 10 - TITLE STATEMENT
Title World product and income :
Remainder of title international comparisons of real gross product /
260 ## - PUBLICATION, DISTRIBUTION, ETC. (IMPRINT)
Place of publication Baltimore :
Name of publisher Published for the World Bank [by] the Johns Hopkins University Press,
Year of publication c1982.
300 ## - PHYSICAL DESCRIPTION
Number of Pages x, 388 p. ;
Dimensions 29 cm.
500 ## - GENERAL NOTE
General note Half title: United Nations International Comparison Project, phase III.
500 ## - GENERAL NOTE
General note Includes index.
650 #0 - SUBJECT ADDED ENTRY--TOPICAL TERM
Topical Term National income.
650 #0 - SUBJECT ADDED ENTRY--TOPICAL TERM
Topical Term Gross national product.
650 #0 - SUBJECT ADDED ENTRY--TOPICAL TERM
Topical Term Comparative economics.
700 1# - ADDED ENTRY--PERSONAL NAME
Personal name Heston, Alan W.
700 1# - ADDED ENTRY--PERSONAL NAME
Personal name Summers, Robert,
710 2# - ADDED ENTRY--CORPORATE NAME
Corporate name or jurisdiction name as entry element United Nations.
710 2# - ADDED ENTRY--CORPORATE NAME
Corporate name or jurisdiction name as entry element World Bank.
942 ## - ADDED ENTRY ELEMENTS (KOHA)
Koha item type សៀវភៅភាសាអង់គ្លេស
952 ## - LOCATION AND ITEM INFORMATION (KOHA)
Withdrawn status [LOCAL, KOHA] 0
Holdings
Permanent Location Date acquired Koha item type Lost status Shelving location Barcode Current Location Full call number
Library Block A2017-11-15សៀវភៅភាសាអង់គ្លេស A076A06132Library Block A339 PUB 1982 A076 Or.
មជ្ឈមណ្ឌលឯការនៃសាកលវិទ្យាល័យភូមិន្ទកសិកម្មចំការដូង

Powered by Koha